000 00470nam a22001817a 4500
003 MPLRDC
005 20220104185346.0
008 210129b ||||| |||| 00| 0 eng d
020 _a7-5442-4687-3
082 _a861.57 DYGW-6
100 _a东野圭吾
245 _a名侦探的守则
_c岳远坤 译
250 _a一版一刷
260 _a中国
_b南海出版公司
_c2010
300 _b
650 _a日本现代推理小说
942 _cBK
_o861.57 DYGW-6
999 _c63293
_d63283